000 00669nam a2200181Ia 4500
008 100921s9999 xx 000 0 und d
082 _b15110
_a923.2 0
100 _a---
245 _aऔरंगजेब बादशहाचे चरित्र.
260 _b---
_c0
300 _a124
_b---
365 _b0
520 _aचरित्रे-राजकारणी व्यिक्त.
630 _aऔरंगजेब बादशहाचे चरित्र.
650 _aचरित्रे-राजकारणी व्यिक्त.
730 _aऔरंगजेब बादशहाचे चरित्र.
942 _cBOOK
999 _c764223
_d764220